Problemas matemáticos de la mecánica de fluidos (Record no. 104509)
[ view plain ]
| 000 -LEADER | |
|---|---|
| campo de control de longitud fija | 00864nam a2200205 i 4500 |
| 001 - NÚMERO DE CONTROL | |
| campo de control | 104509 |
| 003 - IDENTIFICADOR DE NÚMERO DE CONTROL | |
| campo de control | ES-MaACL |
| 005 - FECHA Y HORA DE LA ÚLTIMA TRANSACCIÓN | |
| campo de control | 20250729050627.0 |
| 007 - CAMPO FIJO DE DESCRIPCIÓN FÍSICA--INFORMACIÓN GENERAL | |
| campo de control de longitud fija | t| |
| 008 - DATOS DE LONGITUD FIJA--INFORMACIÓN GENERAL | |
| campo de control de longitud fija | 051130s1975 sp |||| | spa d |
| 100 1# - ENTRADA PRINCIPAL--NOMBRE DE PERSONA | |
| Nombre de persona | Millán Barbany, Gregorio. |
| 9 (RLIN) | 81142 |
| 245 10 - MENCIÓN DEL TÍTULO | |
| Título | Problemas matemáticos de la mecánica de fluidos |
| Resto del título | : estructura de las ondas de choque y combustión / |
| Mención de responsabilidad, etc. | discurso leído en el acto de su recepción por Gregorio Millán Barbany y contestación del ... Sr. D. Felipe Lafita Babio. |
| 260 ## - PUBLICACIÓN, DISTRIBUCIÓN, ETC. | |
| Lugar de publicación, distribución, etc. | Madrid : |
| Nombre del editor, distribuidor, etc. | Academia de Ciencias Exactas, Físicas y Naturales, |
| Fecha de publicación, distribución, etc. | 1975. |
| 300 ## - DESCRIPCIÓN FÍSICA | |
| Extensión | 658 p. ; |
| Dimensiones | 24 cm. |
| 650 07 - PUNTO DE ACCESO ADICIONAL DE MATERIA--TÉRMINO DE MATERIA | |
| Término de materia o nombre geográfico como elemento de entrada | Mecánica de fluidos |
| Fuente del encabezamiento o término | embne |
| 9 (RLIN) | 14877 |
| 700 1# - ENTRADA AGREGADA--NOMBRE PERSONAL | |
| Nombre de persona | Lafita Babio, Felipe. |
| 9 (RLIN) | 69492 |
| 710 2# - ENTRADA AGREGADA--NOMBRE DE ENTIDAD CORPORATIVA | |
| Nombre de entidad corporativa o nombre de jurisdicción como elemento de entrada | Real Academia de Ciencias Exactas, Físicas y Naturales de España. |
| 9 (RLIN) | 175635 |
| 852 ## - LOCALIZACIÓN | |
| Ubicación | ES-MaACL |
| Número de control de estantería | E-1907 |
| Estatus retirado | Estado de pérdida | Estado de daño | No para préstamo | Biblioteca de origen | Biblioteca actual | Ubicación en estantería | Fecha de adquisición | Fuente de adquisición | Total de préstamos | Signatura topográfica completa | Código de barras | Visto por última vez | Precio de reemplazo | Tipo de ítem Koha |
|---|---|---|---|---|---|---|---|---|---|---|---|---|---|---|
| Biblioteca del Ateneo de Madrid | Biblioteca del Ateneo de Madrid | Depósito 2 | 17/01/2008 | E-1907 | 1109114 | 23/02/2023 | 23/02/2023 | Libro impreso |
